00861cam a22002533a 450000100060000000300060000600500170001200800410002904000150007004200070008505000060009210000340009824501220013226000290025450600300028351600200031365300320033365300450036565300400041065300330045070000530048383000290053685600420056514446PGUSA20140828083317.0041224s2004||||xxu|||||s|||||000 | eng d aPGUSAbeng adc 4aJ1 aMcKinley, William,d1843-190112aA Supplement to A Compilation of the Messages and Papers of the Presidentsh[electronic resource] /cWilliam McKinley bProject Gutenberg,c2004 aPublic domain in the USA. aElectronic text aPresidents -- United States aUnited States -- Politics and government aUnited States -- History -- Sources aMcKinley, William, 1843-19011 aRichardson, James D.q(James Daniel),d1843-1914 0aProject Gutenbergv1444640uhttp://www.gutenberg.org/ebooks/14446